Die gebrauchte Kirche : Symposium und Vortragsreihe anlässlich des Jubiläums der Hochaltarweihe der Stadtkirche Unserer Lieben Frau in Friedberg (Hessen) 1306 - 2006
Saved in:
| Other Authors: | |
|---|---|
| Document Type: | Conference Proceeding Book |
| Language: | German English |
| Published: |
Stuttgart ; Wiesbaden
: Theiss
, 2010
|
| Series: | Arbeitshefte des Landesamtes für Denkmalpflege Hessen
Bd. 15 |
| Subjects: | |
| Online Access: | Inhaltsverzeichnis Inhaltstext Inhaltsverzeichnis |
| Related Items: | Rezensiert in:
Schriften von Bruno Klein ; 56: [Rezension von: Norbert Nussbaum (éd.), Die gebrauchte Kirche] |
| Author Notes: | Hrsg.: Norbert Nussbaum |
| LEADER | 05734cam a2200937 c 4500 | ||
|---|---|---|---|
| 001 | 618214356 | ||
| 003 | DE-627 | ||
| 005 | 20260311125950.0 | ||
| 007 | tu | ||
| 008 | 100209s2010 gw ||||| 00| ||ger c | ||
| 015 | |a 10,N05 |2 dnb | ||
| 015 | |a 10,N05 |2 dnb | ||
| 016 | 7 | |a 999847406 |2 DE-101 | |
| 020 | |a 9783806223712 |q KART. : EUR 19.80, sfr 34.50 (freier Pr.) |9 978-3-8062-2371-2 | ||
| 020 | |a 3806223718 |9 3-8062-2371-8 | ||
| 024 | 3 | |a 9783806223712 | |
| 035 | |a (DE-627)618214356 | ||
| 035 | |a (DE-603)226447618 | ||
| 035 | |a (DE-576)322812917 | ||
| 035 | |a (DE-599)DNB999847406 | ||
| 035 | |a (OCoLC)845687487 | ||
| 035 | |a (OCoLC)659817093 | ||
| 040 | |a DE-627 |b ger |c DE-627 |e rakwb | ||
| 041 | |a ger |a eng | ||
| 044 | |c XA-DE-BW | ||
| 082 | 0 | |a 230 |q BSZ | |
| 082 | 0 | |a 720 |q BSZ | |
| 082 | 0 | 4 | |a 720 |a 230 |q DNB |
| 084 | |a 9,10 |2 ssgn | ||
| 084 | |a LK 78999 |q BVB |2 rvk |0 (DE-625)rvk/98227: | ||
| 084 | |a LH 67592 |2 rvk |0 (DE-625)rvk/94647:156 | ||
| 084 | |a LH 67582 |2 rvk |0 (DE-625)rvk/94646:156 | ||
| 084 | |a LK 79570 |2 rvk |0 (DE-625)rvk/98282:154 | ||
| 084 | |a 21.70 |2 bkl | ||
| 245 | 0 | 4 | |a Die gebrauchte Kirche |b Symposium und Vortragsreihe anlässlich des Jubiläums der Hochaltarweihe der Stadtkirche Unserer Lieben Frau in Friedberg (Hessen) 1306 - 2006 |c Hrsg.: Norbert Nussbaum |
| 246 | 1 | |i Nebent. |a Stadtkirche Friedberg 700 Jahre 1306 - 2006 | |
| 246 | 3 | 3 | |a Stadtkirche Friedberg 700 Jahre 1306 - 2006 |
| 264 | 1 | |a Stuttgart |a Wiesbaden |b Theiss |c 2010 | |
| 300 | |a 196 S. |b zahlr. Ill., graph. Darst. |c 280 mm x 210 mm | ||
| 336 | |a Text |b txt |2 rdacontent | ||
| 337 | |a ohne Hilfsmittel zu benutzen |b n |2 rdamedia | ||
| 338 | |a Band |b nc |2 rdacarrier | ||
| 361 | 1 | |5 DE-Hil6 |y 4932795882 |s 1 F c 2768 |o Vorbesitz |a Tontsch, Monika |0 (DE-588)102787570X |0 (DE-627)729948773 |0 (DE-576)165558385 |k 2026-02-10 | |
| 490 | 1 | |a Arbeitshefte des Landesamtes für Denkmalpflege Hessen |v Bd. 15 | |
| 500 | |a Beitr. überw. dt., teilw. engl | ||
| 546 | |a Beitr. überw. dt., teilw. engl. | ||
| 583 | 1 | |a Archivierung/Langzeitarchivierung gewährleistet |f PEBW |x XA-DE-BW |2 pdager |5 DE-24 | |
| 583 | 1 | |a Archivierung/Langzeitarchivierung gewährleistet |f SSG |x XA-DE-BW |2 pdager |5 DE-16 | |
| 583 | 1 | |a Archivierung prüfen |c 20240324 |f DE-4165 |z 2 |2 pdager | |
| 583 | 1 | |a Archivierung/Langzeitarchivierung gewährleistet |f PEHE |2 pdager |5 DE-43 | |
| 648 | 7 | |a Geschichte |2 gnd | |
| 650 | 4 | |a Hessen |x Sakralbau | |
| 650 | 4 | |a Friedberg | |
| 650 | 4 | |a Kirchenbau | |
| 651 | 7 | |0 (DE-588)4544871-1 |0 (DE-627)269712151 |0 (DE-576)213374056 |a Unserer Lieben Frau |g Friedberg (Hessen) |2 gnd | |
| 655 | 7 | |a Konferenzschrift |y Hessen 2006 |z Friedberg |0 (DE-588)1071861417 |0 (DE-627)826484824 |0 (DE-576)433375485 |2 gnd-content | |
| 655 | 7 | |a Konferenzschrift |y 2006 |z Friedberg, Hessen |0 (DE-588)1071861417 |0 (DE-627)826484824 |0 (DE-576)433375485 |2 gnd-content | |
| 655 | 7 | |a Konferenzschrift |y 2006 |z Friedberg (Hessen) |0 (DE-588)1071861417 |0 (DE-627)826484824 |0 (DE-576)433375485 |2 gnd-content | |
| 689 | 0 | 0 | |d g |0 (DE-588)4544871-1 |0 (DE-627)269712151 |0 (DE-576)213374056 |a Unserer Lieben Frau |g Friedberg (Hessen) |2 gnd |
| 689 | 0 | |5 DE-101 | |
| 700 | 1 | |a Nußbaum, Norbert |d 1953- |e Hrsg. |0 (DE-588)121414655 |0 (DE-627)081291612 |0 (DE-576)162410417 |4 edt | |
| 711 | 2 | |a Symposium anlässlich des Jubiläums der Hochaltarweihe der Stadtkirche Unserer Lieben Frau in Friedberg (Hessen) 1306 - 2006 |d 2006 |c Friedberg (Hessen) |0 (DE-588)16064711-3 |0 (DE-627)712858687 |0 (DE-576)322774837 |4 oth | |
| 787 | 0 | 8 | |i Rezensiert in |a Klein, Bruno, 1957 - |t Schriften von Bruno Klein ; 56: [Rezension von: Norbert Nussbaum (éd.), Die gebrauchte Kirche] |d Heidelberg : Universitätsbibliothek Heidelberg, 2017 |h 1 Online-Ressource |w (DE-627)1554484677 |w (DE-576)484484672 |
| 810 | 2 | |a Landesamt für Denkmalpflege Hessen |t Arbeitshefte des Landesamtes für Denkmalpflege Hessen |v 15 |9 15 |w (DE-627)523764642 |w (DE-576)101844433 |w (DE-600)2269065-7 |7 am | |
| 856 | 4 | 2 | |u http://d-nb.info/999847406/04 |m B:DE-101 |q application/pdf |v 20130501 |x Verlag |3 Inhaltsverzeichnis |7 1 |
| 856 | 4 | 2 | |u http://deposit.dnb.de/cgi-bin/dokserv?id=3419881&prov=M&dok_var=1&dok_ext=htm |q text/html |x Verlag |3 Inhaltstext |7 1 |
| 856 | 4 | 2 | |u http://scans.hebis.de/HEBCGI/show.pl?22644761_toc.pdf |m V:DE-603;B:DE-17 |q application/pdf |3 Inhaltsverzeichnis |7 1 |
| 935 | |a mteo | ||
| 935 | |i Blocktest | ||
| 936 | r | v | |a LK 78999 |b Sonstige Orte |k Kunstgeschichte |k Kunst nach Ländern bzw. Kontinenten |k Deutschland |k Kunsttopografie Deutschlands |k Orte Deutschlands |k Sonstige Orte |0 (DE-627)1270644114 |0 (DE-625)rvk/98227: |0 (DE-576)200644114 |
| 936 | r | v | |a LH 67592 |b Mittelalter (-1500) |k Kunstgeschichte |k Allgemeines. Allgemeine Kunstgeschichte |k Kunstgeschichte einzelner Gattungen der Kunst |k Architektur |k Ordnung nach Aufgaben |k Sakrale Architektur |k Kirchen |k Halle |k Mittelalter (-1500) |0 (DE-627)1272032345 |0 (DE-625)rvk/94647:156 |0 (DE-576)202032345 |
| 936 | r | v | |a LH 67582 |b Mittelalter (-1500) |k Kunstgeschichte |k Allgemeines. Allgemeine Kunstgeschichte |k Kunstgeschichte einzelner Gattungen der Kunst |k Architektur |k Ordnung nach Aufgaben |k Sakrale Architektur |k Kirchen |k Kirchen |k Mittelalter (-1500) |0 (DE-627)1270707361 |0 (DE-625)rvk/94646:156 |0 (DE-576)200707361 |
| 936 | r | v | |a LK 79570 |b allgemein |k Kunstgeschichte |k Kunst nach Ländern bzw. Kontinenten |k Deutschland |k Deutsche Kunstgeschichte nach Gattungen |k Architektur |k Ordnung nach Aufgaben |k Sakrale Architektur |k Sakrale Architektur |k allgemein |0 (DE-627)1271167867 |0 (DE-625)rvk/98282:154 |0 (DE-576)201167867 |
| 936 | b | k | |a 21.70 |j Geschichte der Sakralbaukunst |0 (DE-627)106421255 |
| 936 | s | n | |a l300 |2 mzub |
| 936 | s | n | |a z210 |2 mzub |
| 936 | s | n | |a b100 |2 mzub |
| 951 | |a BO | ||
| 990 | |a Unserer Lieben Frau | ||
| 991 | |a Rezensiertes Werk | ||
| 999 | |a KXP-PPN618214356 |e 4251597109 | ||


